Countries with Letters Missing and a Twist #3 - Statistics

General Stats
  • This quiz has been taken 76 times
  • The average score is 21 of 34
Answer Stats
Country % Correct
Peru
97%
Turkey
97%
Philippines
93%
Togo
93%
Morocco
92%
Chile
90%
Egypt
89%
Swaziland
89%
Fiji
87%
Barbados
85%
Brunei
70%
Colombia
70%
Malawi
70%
Lesotho
67%
Serbia
67%
Tajikistan
67%
Kiribati
62%
Monaco
62%
Estonia
61%
Liechtenstein
61%
Belize
57%
Belgium
54%
LONDON
52%
Jordan
51%
Albania
46%
Lebanon
46%
Mauritius
43%
Guinea
39%
HAWAII
28%
Vanuatu
26%
Vietnam
26%
Croatia
25%
DILI
15%
LUANDA
5%
No matching quizzes found
Score Distribution
Percent of People with Each Score
Percentile by Number Answered
Your Score History
You have not taken this quiz